Country Denomyns - Statistics

General Stats
  • This quiz has been taken 49 times
    47 since last reset
  • The average score is 139 of 236
Answer Stats
Hint Answer % Correct
Albania Albanian
100%
Algeria Algerian
97%
Andorra Andorran
97%
Armenia Armenian
97%
Australia Australian
97%
Austria Austrian
97%
Angola Angolan
94%
Argentinian
94%
Afghanistan Afghan
91%
Antigua and Barbuda Antiguan
91%
Bulgaria Bulgarian
91%
Azerbaijan Azerbaijani
89%
Bangladesh Bangladeshi
89%
Barbudan
89%
Belgium Belgian
89%
Brazil Brazilian
89%
Canada Canadian
89%
China Chinese
89%
Costa Rica Costa Rican
89%
Croatia Croat
89%
Cuba Cuban
89%
Bahrain Bahraini
86%
Bolivia Bolivian
86%
Cambodia Cambodian
86%
Chile Chilean
86%
Colombia Colombian
86%
Croatian
86%
Czechia Czech
86%
France French
86%
Germany German
86%
Italy Italian
86%
Bosnia and Herzegovina Bosnian
83%
Dominica | Dominican Republic Dominican
83%
Egypt Egyptian
83%
Georgia Georgian
83%
Greece Greek
83%
Iraq Iraqi
83%
Jamaica Jamaican
83%
Japan Japanese
83%
Kazakhstan Kazakh
83%
Kenya Kenyan
83%
Belarus Belarusian
80%
Ecuador Ecuadorian
80%
Estonia Estonian
80%
Ethiopia Ethiopian
80%
Finland Finn
80%
Haiti Haitian
80%
Hungary Hungarian
80%
India Indian
80%
Indonesia Indonesian
80%
Iran Iranian
80%
Ireland Irish
80%
Lithuania Lithuanian
80%
Burundian
77%
Cameroon Cameroonian
77%
Chad Chadian
77%
Eritrea Eritrean
77%
The Gambia Gambian
77%
Guinea Guinean
77%
Latvia Latvian
77%
Malaysia Malaysian
77%
Mexico Mexican
77%
Pakistan Pakistani
77%
Bhutan Bhutanese
74%
The Netherlands Dutch
74%
Fiji Fijian
74%
Israel Israeli
74%
Jordan Jordanian
74%
North Korea | South Korea Korean
74%
Kuwait Kuwaiti
74%
Mongolia Mongolian
74%
North Korean
74%
Qatar Qatari
74%
Russia Russian
74%
Serbia Serb
74%
South Korean
74%
Argentina Argentine
71%
Guatemala Guatemalan
71%
Kyrgyz
71%
Moldova Moldovan
71%
Nigeria Nigerian
71%
Romania Romanian
71%
Samoa Samoan
71%
Saudi Arabia Saudi
71%
Serbian
71%
Slovakia Slovak
71%
Slovenian
71%
South Sudan South Sudanese
71%
Sri Lanka Sri Lankan
71%
Sudan Sudanese
71%
Thailand Thai
71%
Türkiye Turk
71%
The Bahamas Bahamian
69%
Gabonese
69%
Liberia Liberian
69%
Libya Libyan
69%
North Macedonia Macedonian
69%
Mauritania Mauritanian
69%
Namibia Namibian
69%
Nicaragua Nicaraguan
69%
Norway Norwegian
69%
Oman Omani
69%
Palestine Palestinian
69%
Peru Peruvian
69%
Slovakian
69%
Somalia Somali
69%
Switzerland Swiss
69%
Syria Syrian
69%
Taiwanese
69%
Tajikistan Tajik
69%
Turkmenistan Turkmen
69%
United States American
66%
Democratic Republic of the Congo | Republic of the Congo Congolese
66%
Philippines Filipino/Filipina
66%
Malawi Malawian
66%
Mali Malian
66%
Malta Maltese
66%
Senegal Senegalese
66%
South Africa South African
66%
Tanzania Tanzanian
66%
Tonga Tongan
66%
Tunisia Tunisian
66%
Brunei Bruneian
63%
Guyana Guyanese
63%
Herzegovinian
63%
Kazakhstani
63%
Lebanon Lebanese
63%
Morocco Moroccan
63%
Nepali
63%
Rwandan
63%
Salvadorian
63%
Saudi Arabian
63%
Ukraine Ukrainian
63%
Uzbekistan Uzbek
63%
Vietnam Vietnamese
63%
Barbadian
60%
Djibouti Djiboutian
60%
Kyrgyzstani
60%
Nepal Nepalese
60%
Spain Spaniard
60%
Uganda Ugandan
60%
United Arab Emirates Emirati
57%
Equatorial Guinean
57%
Grenada Grenadian
57%
Papuan
57%
Poland Pole
57%
Singapore Singaporean
57%
Sweden Swede
57%
Trinidadian
57%
Venezuela Venezuelan
57%
Zambia Zambian
57%
Cyprus Cypriot
54%
Paraguay Paraguayan
54%
Portugal Portuguese
54%
Tajikistani
54%
Vatican City Vatican
54%
Yemen Yemeni
54%
Kosovo Kosovan
51%
Laos Laos
51%
Marshall Islands Marshallese
51%
Monaco Monacan
51%
Benin Beninese
49%
Denmark Dane
49%
Honduras Honduran
49%
Myanmar Myanmar
49%
New Zealand New Zealander
49%
Uruguay Uruguayan
49%
Mauritius Mauritian
46%
Panama Panamanian
46%
Slovenia Slovene
46%
Tuvalu Tuvaluan
46%
Zimbabwe Zimbabwean
46%
Iceland Icelander
43%
Nauru Nauruan
43%
Palau Palauan
43%
Papua New Guinea Papua New Guinean
43%
Ghana Ghanaian
40%
Côte d'Ivoire Ivorian
40%
Laotian
40%
Luxembourg Luxembourger
40%
Maldives Maldivian
40%
Montenegro Montenegrin
40%
Uzbekistani
40%
Belize Belizean
37%
Central African Republic Central African
37%
Comorian
37%
Solomon Islands Solomon Islander
37%
Liechtenstein Liechtensteiner
34%
Monégasque
34%
Cabo Verde Cabo Verdean
31%
Azeri
29%
Saint Lucia Saint Lucian
29%
Seychelles Seychellois
29%
Nevisian
26%
El Salvador Salvadoran
26%
São Tomé and Príncipe São Toméan
26%
Eswatini Swazi
26%
Burkina Faso Burkinabe
23%
Mozambique Mozambican
23%
Togo Togolese
23%
Guinea-Bissau Bissau-Guinean
20%
Kiribati I-Kiribati
20%
Madagascar Madagascan
20%
Vincentian
20%
Briton
17%
Comoros Comoran
17%
Emiri
17%
Kosovar
17%
Netherlander
17%
Niger Nigerien
17%
Saint Vincent and the Grenadines Saint Vincentian
17%
San Marino Sammarinese
17%
Barbados Bajan
14%
Salvadorean
14%
Sierra Leone Sierra Leonean
14%
Suriname Surinamer
14%
Timor-Leste Timorese
14%
Trinidad and Tobago Tobagonian
14%
Beninois
11%
Equatorial Guinea Equatoguinean
11%
Saint Kitts and Nevis Kittitian
11%
Motswana
11%
Burundi Barundi
9%
Emirian
9%
Taiwan Formosan
9%
Gabon Gabonais
9%
Kyrgyzstan Kirghiz
9%
Kirgiz
9%
Lett
9%
Lesotho Mosotho
9%
Vanuatu Ni-Vanuatu
9%
Rwanda Banyarwanda
6%
United Kingdom British Person
6%
No matching quizzes found
Score Distribution
Percent of People with Each Score
Percentile by Number Answered
Your Score History
You have not taken this quiz since the last reset